Central Library OPAC University of Rajshahi

Guide to apprenticeship programs / (Record no. 2981)

MARC details
000 -LEADER
fixed length control field 01004cam a2200301 a 4500
001 - CONTROL NUMBER
control field 2981
003 - CONTROL NUMBER IDENTIFIER
rucl marc code BD-RjUL
005 - DATE AND TIME OF LATEST TRANSACTION
control field 20211208233643.0
008 - FIXED-LENGTH DATA ELEMENTS--GENERAL INFORMATION
fixed length control field 131217s1983 nyu 001 0 eng
020 ## - INTERNATIONAL STANDARD BOOK NUMBER
International Standard Book Number 0668054549 (lib. bdg.) :
International Standard Book Number 0668054611 (pbk.) :
035 ## - SYSTEM CONTROL NUMBER
System control number (BD-RjUL)3009
040 ## - CATALOGING SOURCE
Original cataloging agency DLC
Transcribing agency DLC
Modifying agency DLC
-- BD-RjUL
Language of cataloging eng
041 ## - LANGUAGE CODE
Language code of text/sound track or separate title eng
082 00 - DEWEY DECIMAL CLASSIFICATION NUMBER
Classification number 331.5502373
Edition number 23
Author mark and year SHG 1983
100 1# - MAIN ENTRY--PERSONAL NAME
Personal name Shanahan, William F.
9 (RLIN) 9493
245 10 - TITLE STATEMENT
Title Guide to apprenticeship programs /
Statement of responsibility, etc. William F. Shanahan.
260 ## - PUBLICATION, DISTRIBUTION, ETC. (IMPRINT)
Place of publication, distribution, etc. New York :
Name of publisher, distributor, etc. Arco Pub.,
Date of publication, distribution, etc. c1983.
300 ## - PHYSICAL DESCRIPTION
Pagination xii, 217 p. ;
Size 26 cm.
490 ## - SERIES STATEMENT
Series statement An Arco occupational guide
504 ## - BIBLIOGRAPHY, ETC. NOTE
Bibliography, etc Includes index.
650 #0 - SUBJECT ADDED ENTRY--TOPICAL TERM
Topical term or geographic name as entry element Apprenticeship programs
Geographic subdivision United States.
9 (RLIN) 9495
Topical term or geographic name as entry element Vocational guidance
Geographic subdivision United States.
9 (RLIN) 9496
830 ## - SERIES ADDED ENTRY--UNIFORM TITLE
Uniform title An Arco occupational guide
856 ## - ELECTRONIC LOCATION AND ACCESS
Uniform Resource Identifier <a href="http://www.worldcat.org/title/guide-to-apprenticeship-programs/oclc/9083641&referer=brief_results">http://www.worldcat.org/title/guide-to-apprenticeship-programs/oclc/9083641&referer=brief_results</a>
942 ## - ADDED ENTRY ELEMENTS (KOHA)
Source of classification or shelving scheme Dewey Decimal Classification
Koha item type Books
Holdings
Lost status Source of classification or shelving scheme Damaged status Not for loan Collection code Permanent Location Current Location Shelving location Date acquired Source of acquisition Total Checkouts Full call number Date last seen Copy number Koha item type
  Dewey Decimal Classification     Non-fiction Central Library, University of Rajshahi Central Library, University of Rajshahi   20/06/1994 Asia Fundation   331.5502373 SHG 1983 17/12/2013 C-3 Books
  Dewey Decimal Classification     Non-fiction Central Library, University of Rajshahi Central Library, University of Rajshahi   12/09/2007     331.5502373 SHG 1983 22/06/2016 C-2 Books
  Dewey Decimal Classification     Non-fiction Central Library, University of Rajshahi Central Library, University of Rajshahi   12/09/2007     331.5502373 SHG 1983 22/06/2016 C-4 Books
  Dewey Decimal Classification   Not For Loan Non-fiction Central Library, University of Rajshahi Central Library, University of Rajshahi Reading Room 20/06/1994 The Asia Foundation   331.5502373 SHG 1983 04/09/2016 C-1 Books
  Dewey Decimal Classification     Non-fiction Central Library, University of Rajshahi Central Library, University of Rajshahi   14/06/1994     331.5502373 SHG 1983 18/12/2016 C-5 Books